Az Elektrodynamika Alapjelenségei És Alaptörvénye

Bibliographic Details
Main Author: Adler, Jenő (Author)
Other Authors: Salva, Karol, 1849-1913 (Printer)
Format: Book
Language:Hungarian
PhysicalDescription:58 s. [1] príloha 24 cm
Published: Rózsahegy Nyomatott Salva És Herle Könyvnyomdájában 1903
Subjects:

MARC

LEADER 00000cam a2200000 a 4500
001 vtls001200757
003 SK-MaSNL
005 20260301080502.0
008 240226s1903 xo f 000 0 hun
015 |a SNBA1903 
020 |q (viazané) 
035 |a SNK000143826 
035 |a urn:nbn:sk:snk-am3hxw5 
035 |a 2A33C55B-9D88-4DF8-8C38-A242A5D5558F 
035 |a urn:nbn:sk:snk-am00dcwg 
040 |a SNK  |b slo  |c SNK  |e AACR2 
041 0 |a hun 
044 |a xo  |c SK 
072 7 |a 537.6/.8  |x Magnetizmus. Elektromagnetizmus  |2 konspekt 
080 |a 537.8  |2 2001 
100 1 |a Adler, Jenő  |4 aut  |9 402264 
245 1 3 |a Az Elektrodynamika Alapjelenségei És Alaptörvénye  |c Irta: Jenő Adler Kegyesrendi Tanár 
260 |a Rózsahegy  |b Nyomatott Salva És Herle Könyvnyomdájában  |c 1903 
300 |a 58 s.  |b [1] príloha  |c 24 cm 
500 |a Matematické výpočty v texte 
504 |a Obsahuje bibliografické odkazy 
650 0 7 |a elektrodynamika  |2 SNKPH  |9 83371 
655 7 |a príručky  |2 SNKPH  |9 74364 
700 1 |a Salva, Karol,  |d 1849-1913  |4 prt  |9 93017 
752 |a Slovensko  |d Ružomberok 
852 |a SNK  |p SC 7960 
958 |a ONDV 
958 |a NB 
999 |c 653307  |d 655237 
952 |t P60, <03>, [BOOK], {603}  |a SNK  |b SNK  |y PREZ  |7 0  |p 17A0789596  |o snkSC 7960  |i snkKSF 802/56  |8 5  |0 0  |1 0  |4 0  |d 1996-04-09  |f 1  |l 0  |r 2025-07-04 00:00:00  |w 2026-02-23 
952 |t P60, <04>, [BOOK], {604}  |a SNK  |b SNK  |y VYP  |7 0  |p 17A1130734  |o snkSC 7960 D1  |i F1957/3114  |8 5  |0 0  |1 0  |4 0  |d 1996-04-09  |l 0  |r 2005-01-01 00:00:00  |w 2026-02-23